00480nam a2200121Ia 4500008004100000100001900041245008700060245001900147650001300166856008700179999001900266952007300285170221s9999 xx 000 0 und d aAnne M. Tucker 4aThe Short Road Home to Delaware: Boilermakers Local 154 Retirement Fund v. Chevron cAnne M. Tucker xBusiness uhttp://digitalcommons.pepperdine.edu/cgi/viewcontent.cgi?article=1116&context=jbel c307947d307947 001040aCLbCLd2017-02-21l0r2017-02-21 00:00:00w2017-02-21yFOJ